000
00213nam a22000857a 4500
008
170302b xxu||||| |||| 00| 0 eng d
100
_9
3008
_a
Mohan.V
245
_a
Lal Bahadur Shastri
260
_a
New Delhi
_b
S.Chand
_c
2010
999
_c
6251
_d
6251